000 00727nam a22002177a 4500
001 85238
003 BD-RjUL
005 20250721093517.0
008 250720s1960 newa|||| e||| 00| 0 eng d
035 _a(BD-RjUL)85238
040 _aBD-RjUL
_beng
_cBD-RjUL
_dDLC
_eDLC
041 _aeng
082 _223
_a709
_bENC 1960
245 _aEncylopedia of World art Asiatic protohistory-Byzantine art
_nIstituto per collaborazione Culturale venezia-roma
260 _aNew York
_bMcgraw Hill book company, INC.
_c1960
300 _a490 page
_bill,
_c30 cm.
337 _2Sotto gil auspici della fondazione giorgio cini
505 _aVol, 1, 2, 3, 4, 5, 6, 7, 8, 9, 10, 11, 12, 13, 14, 15,
650 _aEncylopedia
942 _2ddc
_cBK
999 _c85238
_d85238